Kluby piłkarskie z sezonu 16/17 LaLiga (Primera Division) - Statystyki

Ogólne statystyki
  • Ten quiz został rozwiązany 59 razy
  • Średni wynik to 13 z 20
Statystyki odpowiedzi
Podpowiedź Odpowiedź % Poprawnych
2 Barcelona
100%
1 Real Madrid
100%
3 Atl. Madrid
94%
4 Sevilla
90%
12 Valencia
80%
7 Athletic Club
74%
15 Betis
74%
6 Real Sociedad
70%
5 Villarreal
64%
9 Alaves
62%
11 Malaga
62%
8 Espanyol
54%
14 Las Palmas
54%
16 Deportivo
52%
13 Celta
50%
19 Osasuna
48%
20 Granada
38%
17 Leganes
38%
10 Eibar
36%
18 Sporting
18%
Nie znaleziono quizów pasujących do podanych kryteriów
Rozkład punktacji
Procent ludzi z każdym wynikiem
Percentyl według liczby udzielonych odpowiedzi
Twoja historia wyników
Nie rozwiązałeś tego quizu